000 00530nam a2200181Ia 4500
005 20250508150514.0
008 008 250505s9999 xx 000 0 eng d
037 _aTextual
040 _aFEDL
_beng
_cFEDL
041 _aeng
_2eng
084 _a373, BOS
_qFEDL
100 _aBostwick Prudence
_9756846
245 0 _aFunctional high-school program : For the Urban community
260 _aNew York, USA
_bHinds, Hayden and Eldredge
_c1947
300 _a57p.
942 _cTEXL
_h373, BOS
999 _c1323952
_d1323952